Timothée Chalamet Filmography - Statistics

General Stats
  • This quiz has been taken 1,085 times
    259 since last reset
  • The average score is 15 of 46
Answer Stats
Type Year Name % Correct
Film 2021 Dune
95%
Film 2017 Call Me by Your Name
92%
Film 2024 Dune: Part Two
92%
Film 2025 Marty Supreme
77%
Film 2014 Interstellar
76%
Film 2023 Wonka
76%
Film 2024 A Complete Unknown
74%
Film 2019 Little Women
70%
Film 2018 Beautiful Boy
69%
Film 2026 Dune: Part Three
65%
Film 2017 Lady Bird
65%
Film 2022 Bones and All
61%
Film 2019 The King
54%
Film 2021 Don't Look Up
50%
Film 2021 The French Dispatch
42%
Film 2017 Hot Summer Nights
40%
TV Show 2020, 2021, 2023, 2025 Saturday Night Live
40%
Film 2019 A Rainy Day in New York
37%
Film 2017 Hostiles
23%
TV Show 2009 Law & Order
21%
Film 2014 Men, Women & Children
21%
Film 2016 Miss Stevens
21%
Film 2022 Entergalactic
20%
Commercial 2023-2024 CHANEL
18%
Film 2015 Love the Coopers
17%
Music Video 2023 (You Made It Feel Like) Home
16%
TV Show 2012 Homeland
15%
Short Film 2008 Clown
14%
Film 2015 One & Two
14%
Film 2015 The Adderall Diaries
13%
Theater 2016 Prodigal Son
12%
TV Film 2009 Loving Leah
11%
Film 2014 Worst Friends
10%
Short Film 2014 Spinners
8%
Commercial 2023 Apple TV+
7%
Commercial 2025 Cash App
7%
Short Film 2008 Sweet Tooth
5%
Theater 2011 The Talls
5%
TV Pilot 2013 Trooper
5%
Commercial 2021 Cadillac
4%
Short Film 2017 Great Performers: Horror Show
4%
TV Show 2012 Royal Pains
4%
Documentary 2025 Hans Zimmer & Friends: Diamond in the Desert
2%
Documentary Series 2025 60 Minutes
1%
Video Game 2023 Call of Duty: Modern Warfare III
1%
TV Mini-Series 2020 We Are Who We Are
1%
No matching quizzes found
Score Distribution
Percent of People with Each Score
Percentile by Number Answered
Your Score History
You have not taken this quiz since the last reset